Loading...
Kinship terms in urdu/
| Main Author: | |
|---|---|
| Format: | Printed Book |
| Language: | English |
| Published: |
Trivandrum:
1981.
|
| Subjects: |
| LEADER | 00506nam a22001457a 4500 | ||
|---|---|---|---|
| 008 | 170531b xxu||||| |||| 00| 0 eng d | ||
| 999 | |c 18770 |d 18770 | ||
| 082 | |a P 410.91439 |b JAY | ||
| 100 | |a Jayanthan, P. S | ||
| 245 | |a Kinship terms in urdu/ |c Jayanthan P. S | ||
| 260 | |a Trivandrum: |c 1981. | ||
| 300 | |a 70p. | ||
| 650 | |a Thesis | ||
| 942 | |2 ddc |c REF | ||
| 952 | |0 0 |1 0 |2 ddc |4 0 |5 1 |6 P_410_914390000000000_JAY |7 0 |9 26047 |a MAIN |b MAIN |d 2017-05-31 |e Prabhothachandra Shekharam |o P 410.91439 JAY |p 25815 |r 2017-05-31 |w 2017-05-31 |y REF | ||